Selection of appropriate maintenance strategy for Medical Equipment / (رقم التسجيلة. 42750)

تفاصيل مارك
000 -LEADER
fixed length control field 01799cam a2200337 a 4500
003 - CONTROL NUMBER IDENTIFIER
control field EG-GiCUC
005 - DATE AND TIME OF LATEST TRANSACTION
control field 20250223030827.0
008 - FIXED-LENGTH DATA ELEMENTS--GENERAL INFORMATION
fixed length control field 130423s2013 ua d f m 000 0 eng d
040 ## - CATALOGING SOURCE
Original cataloging agency EG-GiCUC
Language of cataloging eng
Transcribing agency EG-GiCUC
041 0# - LANGUAGE CODE
Language code of text/sound track or separate title eng
049 ## - LOCAL HOLDINGS (OCLC)
Holding library Deposite
097 ## - Thesis Degree
Thesis Level M.Sc
099 ## - LOCAL FREE-TEXT CALL NUMBER (OCLC)
Classification number Cai01.13.03.M.Sc.2013.Ah.S
100 0# - MAIN ENTRY--PERSONAL NAME
Personal name Ahmed Zakaria Ahmed Elseddawy
245 10 - TITLE STATEMENT
Title Selection of appropriate maintenance strategy for Medical Equipment /
Statement of responsibility, etc. Ahmed Zakaria Ahmed Elseddawy ; Supervised Ahmed Hesham Kandil , Bassem Kamal Ouda
246 15 - VARYING FORM OF TITLE
Title proper/short title اختيار استراتيجية الصيانة المناسبة للأجهزة الطبية
260 ## - PUBLICATION, DISTRIBUTION, ETC.
Place of publication, distribution, etc. Cairo :
Name of publisher, distributor, etc. Ahmed Zakaria Ahmed Elseddawy ,
Date of publication, distribution, etc. 2013
300 ## - PHYSICAL DESCRIPTION
Extent 70P. :
Other physical details charts ;
Dimensions 30cm
502 ## - DISSERTATION NOTE
Dissertation note Thesis (M.Sc.) - Cairo University - Faculty of Engineering - Department of Systems and Biomedical Engineering
520 ## - SUMMARY, ETC.
Summary, etc. Clinical engineering departments in hospitals are responsible for establishing and regulating Medical Equipment Management Program to ensure that medical devices are safe and reliable . In order to mitigate functional failures , significant and critical equipment should be identified and prioritized . In this study , we present a multi - criteria decision - making model prioritize medical devices according to their criticality using Analytical Hierarchical Process (AHP) approach by reviewing expert's notions and relevant specialized literature
530 ## - ADDITIONAL PHYSICAL FORM AVAILABLE NOTE
Additional physical form available note Issued also as CD
653 #4 - INDEX TERM--UNCONTROLLED
Uncontrolled term Maintenance strategy
653 #4 - INDEX TERM--UNCONTROLLED
Uncontrolled term Medical Equipment
653 #4 - INDEX TERM--UNCONTROLLED
Uncontrolled term Radiology
700 0# - ADDED ENTRY--PERSONAL NAME
Personal name Ahmed Hesham Kandil ,
Relator term
700 0# - ADDED ENTRY--PERSONAL NAME
Personal name Bassem Kamal Ouda ,
Relator term
856 ## - ELECTRONIC LOCATION AND ACCESS
Uniform Resource Identifier <a href="http://172.23.153.220/th.pdf">http://172.23.153.220/th.pdf</a>
905 ## - LOCAL DATA ELEMENT E, LDE (RLIN)
Cataloger Fatma
Reviser Cataloger
905 ## - LOCAL DATA ELEMENT E, LDE (RLIN)
Cataloger Nazla
Reviser Revisor
942 ## - ADDED ENTRY ELEMENTS (KOHA)
Source of classification or shelving scheme Dewey Decimal Classification
Koha item type Thesis
المقتنيات
Source of classification or shelving scheme Not for loan Home library Current library Date acquired Full call number Barcode Date last seen Koha item type Copy number
Dewey Decimal Classification   المكتبة المركزبة الجديدة - جامعة القاهرة قاعة الرسائل الجامعية - الدور الاول 11.02.2024 Cai01.13.03.M.Sc.2013.Ah.S 01010110060464000 22.09.2023 Thesis  
Dewey Decimal Classification   المكتبة المركزبة الجديدة - جامعة القاهرة مخـــزن الرســائل الجـــامعية - البدروم 11.02.2024 Cai01.13.03.M.Sc.2013.Ah.S 01020110060464000 22.09.2023 CD - Rom 60464.CD
Cairo University Libraries Portal Implemented & Customized by: Eng. M. Mohamady Contacts: new-lib@cl.cu.edu.eg | cnul@cl.cu.edu.eg
CUCL logo CNUL logo
© All rights reserved — Cairo University Libraries
CUCL logo
Implemented & Customized by: Eng. M. Mohamady Contact: new-lib@cl.cu.edu.eg © All rights reserved — New Central Library
CNUL logo
Implemented & Customized by: Eng. M. Mohamady Contact: cnul@cl.cu.edu.eg © All rights reserved — Cairo National University Library